000 00460 a2200121 4500
001 ART_44809
005 20260410162024.0
008 260409a
245 1 0 _aUna metodología innovadora para la caracterización de la situación de salud de las poblaciones indígenas de Chile
100 1 _aPedrero Sanhueza, Malva-Marina
700 1 _aOyarce, Ana María
773 0 _tNotas de población
_g- Año XXXVI, Nº 89 (jul./dic. 2009)
_wREV41841
999 _c33368
_d33368